000 00681cam a2200217 4500
008 000000n1999 000 0 eng u
020 _a0750645997
035 _a(Sirsi) u102232
050 _a692.5
110 2 _aV B Johnson and Partners
245 _aLaxton's building price book: major and small works 2000
250 _a172nd ed.
260 _aOxford
_bLaxton's
_c1999
300 _axliii,1258p. ; 30cm.
350 _a95.00
520 _aPamphlet with revised index and latest daywork charges inserted inside back cover.
650 _aBUILT ENVIRONMENT-BUILDING COSTS
650 _aBUILDING PRICE BOOKS
690 _aBUILT ENVIRONMENT-BUILDING COSTS
942 _n0
999 _c100048
_d100048